Kto to powiedział? - Statystyki

Ogólne statystyki
  • Ten quiz został rozwiązany 13 razy
  • Średni wynik to 2 z 15
Statystyki odpowiedzi
Hint Odpowiedź % Poprawnych
"Jeśli coś jest niemożliwe do wykonania, dajcie to zrobić Polakom." Napoleon
80%
"Człowiekiem jestem i nic, co ludzkie, nie jest mi obce." Terencjusz
40%
"Podejmując walkę z żywiołem, pokonuje słabość swych mięśni, zwycięża w zmaganiach z ogromną rybą i morzem" Ernest Hemingway
30%
"Moda – to co dziś ładne, ale za kilka lat będzie brzydkie. Sztuka – to co dziś brzydkie, ale za kilka lat będzie ładne" Coco Chanel
20%
"Dobre przemówienie winno być jak mini-spódniczka: długie na tyle, by wyczerpało temat i krótkie na tyle, by wzbudziło zainteresowanie" Winston Churchill
20%
"Nie mam żadnych szczególnych uzdolnień. Cechuje mnie tylko niepohamowana ciekawość" Albert Einstein
10%
"Ludzie budują za dużo murów, a za mało mostów" Izaac Newton
10%
"Wy macie rację, ale my mamy karabiny." Mao Zedong
10%
"Geniusz to mieszanina jednego procenta natchnienia z dziewięćdzięsioma dziewięcioma procentami potu" Thomas Edison
10%
"Mówić o istniejącym, że istnieje i o nieistniejącym, że nie istnieje jest prawdą" Arystoteles
0%
"Wątpliwość jest ojcem wynalazku" Galileusz
0%
"Myślenie to najcięższa praca, dlatego tak niewielu jej się podejmuje." Henry Ford
0%
"Nigdy nie zapominaj, że wszystko, co Hitler uczynił w Niemczech, było legalne." Martin Luther King
0%
"Najdalej zajdzie ten człowiek, który wie dokąd idzie" Napoleon
0%
"Ci, którzy są wystarczająco szaleni, by myśleć, że są w stanie zmienić świat, są tymi, którzy go zmieniają" Steve Jobs
0%
Nie znaleziono quizów pasujących do podanych kryteriów
Rozkład punktacji
Procent ludzi z każdym wynikiem
Percentyl według liczby udzielonych odpowiedzi
Twoja historia wyników
Nie rozwiązałeś tego quizu